[Event "Thessaloniki Vardaris op 7th"]
[Site "Thessaloniki"]
[Date "2024.03.14"]
[Round "1"]
[White "Kalogridis, Themistoklis"]
[Black "Chalkias, Michail Panagiotis"]
[Result "1-0"]
[WhiteElo "1949"]
[BlackElo "1773"]
[PlyCount "45"]
[EventDate "2024.03.14"]
[EventType "swiss"]
[EventRounds "7"]
[EventCountry "GRE"]
[SourceTitle "CB13_2024"]
[SourceDate "2024.03.27"]
[SourceVersion "1"]
[SourceVersionDate "2024.03.27"]
[SourceQuality "1"]

1. d4 Nf6 2. c4 e6 3. Nc3 Bb4 4. a3 Bxc3+ 5. bxc3 d5 6. e3 c5 7. cxd5 exd5 8. Bd3 0-0 9. f3 b6 10. Ne2 Ba6 11. 0-0 Bxd3 12. Qxd3 Re8 13. Ng3 h5 14. Bb2 Nc6 15. Rae1 Re6 16. e4 h4 17. Nf5 Nh5 18. exd5 Qxd5 19. c4 Qd8 20. d5 Rg6 21. Qe4 Qg5 22. f4 Nxf4 23. Rxf4 1-0

[Event "Thessaloniki Aris CC Summer op 1st"]
[Site "Thessaloniki"]
[Date "2023.06.17"]
[Round "4"]
[White "Chalkias, Michail Panagiotis"]
[Black "Kalogridis, Themistoklis"]
[Result "1-0"]
[WhiteElo "1462"]
[BlackElo "1771"]
[PlyCount "108"]
[EventDate "2023.06.16"]
[EventType "swiss"]
[EventRounds "7"]
[EventCountry "GRE"]
[SourceTitle "EXT 2024"]
[Source "ChessBase"]
[SourceDate "2023.10.10"]
[SourceVersion "1"]
[SourceVersionDate "2023.10.10"]
[SourceQuality "1"]

1. d4 Nf6 2. c4 g6 3. Nc3 Bg7 4. e4 d6 5. Be2 0-0 6. Be3 e5 7. d5 Na6 8. g4 Nc5 9. f3 h5 10. g5 Nh7 11. h4 f6 12. Nh3 Bxh3 13. Rxh3 fxg5 14. hxg5 Nxg5 15. Rg3 Bf6 16. Kd2 h4 17. Rg4 Kf7 18. Qg1 Nh3 19. Qg2 Nf4 20. Bxf4 exf4 21. Rxf4 Nd7 22. Qg4 Ne5 23. Qxh4 Kg7 24. Rxf6 Qxf6 25. Qxf6+ Rxf6 26. Nb5 Nxf3+ 27. Ke3 Ng5 28. Rg1 Nh3 29. Rg4 Re8 30. Nxc7 Re5 31. Ne6+ Kf7 32. Rg3 Nf2 33. Bf3 Nxe4 34. Bxe4 Rf1 35. Rf3+ Rxf3+ 36. Kxf3 Kf6 37. Nd8 g5 38. Nxb7 g4+ 39. Kf4 g3 40. Nxd6 Re7 41. Kxg3 Ke5 42. c5 a5 43. Kf3 Rc7 44. Nc4+ Kd4 45. Nxa5 Rf7+ 46. Ke2 Kxe4 47. d6 Rh7 48. c6 Rh2+ 49. Kf1 Kf3 50. Kg1 Rg2+ 51. Kf1 Rxb2 52. Ke1 Rb8 53. d7 Ke3 54. Nc4+ Kd3 1-0

[Event "GRE-ch U14"]
[Site "Thessaloniki"]
[Date "2022.08.24"]
[Round "9"]
[White "Sampsonoglou, Dimitrios"]
[Black "Chalkias, Michail Panagiotis"]
[Result "1/2-1/2"]
[WhiteElo "1102"]
[BlackElo "1368"]
[PlyCount "81"]
[EventDate "2022.08.18"]
[EventType "swiss"]
[EventRounds "9"]
[EventCountry "GRE"]
[SourceTitle "EXT 2024"]
[Source "ChessBase"]
[SourceDate "2023.10.10"]
[SourceVersion "1"]
[SourceVersionDate "2023.10.10"]
[SourceQuality "1"]

1. e4 c5 2. Nf3 e6 3. b3 Nc6 4. Bb2 d6 5. Nc3 Nf6 6. d4 cxd4 7. Nxd4 a6 8. f3 d5 9. exd5 Nxd5 10. Nxd5 Qxd5 11. Nxc6 Qxc6 12. Qd2 f6 13. 0-0-0 Be7 14. Kb1 0-0 15. Bd3 f5 16. h4 Bf6 17. Bxf6 Rxf6 18. h5 e5 19. Bc4+ Be6 20. Bxe6+ Rxe6 21. Qg5 Rc8 22. Rd2 Rf6 23. Rhd1 Rff8 24. c4 Qf6 25. Qxf6 Rxf6 26. Rd8+ Rxd8 27. Rxd8+ Rf8 28. Rd5 e4 29. fxe4 fxe4 30. Re5 Rf1+ 31. Kb2 Rf2+ 32. Ka3 Rxg2 33. Rxe4 Rg5 34. Re7 b5 35. cxb5 axb5 36. h6 gxh6 37. Kb4 h5 38. a4 bxa4 39. Kxa4 h4 40. Re4 h5 41. b4 1/2-1/2

[Event "GRE-ch U14"]
[Site "Thessaloniki"]
[Date "2022.08.22"]
[Round "7"]
[White "Triantafyllakis, Dimitrios"]
[Black "Chalkias, Michail Panagiotis"]
[Result "1/2-1/2"]
[WhiteElo "1341"]
[BlackElo "1368"]
[PlyCount "58"]
[EventDate "2022.08.18"]
[EventType "swiss"]
[EventRounds "9"]
[EventCountry "GRE"]
[SourceTitle "EXT 2024"]
[Source "ChessBase"]
[SourceDate "2023.10.10"]
[SourceVersion "1"]
[SourceVersionDate "2023.10.10"]
[SourceQuality "1"]

1. e4 c5 2. Nf3 e6 3. d4 cxd4 4. Nxd4 Nf6 5. Nc3 Nc6 6. a3 d5 7. Bb5 Bd7 8. exd5 Nxd5 9. Nxd5 exd5 10. 0-0 Be7 11. Be3 0-0 12. Be2 Bf6 13. Qd2 Rc8 14. Rad1 Nxd4 15. Bxd4 Bxd4 16. Qxd4 Rxc2 17. Qd3 Rc7 18. Qxd5 Qf6 19. Qb3 Be6 20. Qb4 Rfc8 21. h3 Qg5 22. Qe4 g6 23. Qf3 Re7 24. Bd3 b6 25. Rde1 Ree8 26. Ra1 Rf8 27. Rae1 Rfe8 28. Ra1 Rf8 29. Rad1 Rfe8 1/2-1/2

[Event "GRE-ch U14"]
[Site "Thessaloniki"]
[Date "2022.08.21"]
[Round "6"]
[White "Chalkias, Michail Panagiotis"]
[Black "Vassis, Anastasios"]
[Result "0-1"]
[WhiteElo "1368"]
[BlackElo "1602"]
[PlyCount "56"]
[EventDate "2022.08.18"]
[EventType "swiss"]
[EventRounds "9"]
[EventCountry "GRE"]
[SourceTitle "EXT 2024"]
[Source "ChessBase"]
[SourceDate "2023.10.10"]
[SourceVersion "1"]
[SourceVersionDate "2023.10.10"]
[SourceQuality "1"]

1. d4 d5 2. c4 e6 3. Nf3 Nf6 4. g3 Be7 5. Bg2 0-0 6. 0-0 Nbd7 7. Qc2 c6 8. Bf4 b6 9. cxd5 cxd5 10. Rc1 Ba6 11. Nc3 Nh5 12. Be5 f6 13. Bf4 Nxf4 14. gxf4 Qc7 15. Qd2 Qd6 16. f5 b5 17. a4 bxa4 18. Rxa4 Bc4 19. Rca1 a6 20. Nh4 Nb6 21. Ra5 Qc7 22. fxe6 Bb4 23. Bxd5 Bxd5 24. Rxd5 Bxc3 25. bxc3 Nxd5 26. Rc1 Qf4 27. Nf3 Qxd2 28. Nxd2 Nf4 0-1

[Event "GRE-chT 49th"]
[Site "Thessaloniki"]
[Date "2022.08.15"]
[Round "5.5"]
[White "Antoniou, Rafail"]
[Black "Chalkias, Michail Panagiotis"]
[Result "1-0"]
[WhiteElo "1752"]
[BlackElo "1368"]
[PlyCount "129"]
[EventDate "2022.08.12"]
[EventType "team-swiss"]
[EventRounds "7"]
[EventCountry "GRE"]
[SourceTitle "CBM 209 Extra"]
[Source "ChessBase"]
[SourceDate "2022.09.30"]
[SourceVersion "1"]
[SourceVersionDate "2022.09.30"]
[SourceQuality "1"]
[WhiteTeam "Kallithea"]
[BlackTeam "Neapolis Sykeon"]
[WhiteTeamCountry "GRE"]
[BlackTeamCountry "GRE"]

1. e4 c5 2. c3 d5 3. exd5 Qxd5 4. d4 Nf6 5. Nf3 e6 6. Bd3 Nc6 7. 0-0 Be7 8. dxc5 Qxc5 9. Qe2 a5 10. Nbd2 0-0 11. Ne4 Qh5 12. Rd1 Ne5 13. Nxf6+ Bxf6 14. Bxh7+ Kh8 15. Be4 Nxf3+ 16. Qxf3 Qxf3 17. Bxf3 e5 18. Be3 Be7 19. Rd5 f6 20. Bc5 Bxc5 21. Rxc5 Rd8 22. Rd1 Rxd1+ 23. Bxd1 Be6 24. Bb3 Bxb3 25. axb3 Rd8 26. Kf1 b6 27. Rb5 Rd6 28. Ke2 Kg8 29. c4 Kf7 30. c5 bxc5 31. Rxc5 Rb6 32. Rxa5 Rxb3 33. Ra2 Rb7 34. Kd3 Rd7+ 35. Kc2 Rc7+ 36. Kb1 Rb7 37. Ra3 Ke6 38. Ra1 Kd5 39. Kc2 Rc7+ 40. Kd2 Rb7 41. Rb1 Kc4 42. Ke3 Rd7 43. b4 Kb5 44. Rb2 f5 45. g4 g6 46. gxf5 gxf5 47. f4 e4 48. Rd2 Rf7 49. Kd4 Kxb4 50. Rb2+ Ka3 51. Rb5 Rd7+ 52. Ke3 Rf7 53. h4 Ka4 54. Re5 Kb4 55. h5 Kc3 56. h6 Kc4 57. Ra5 Rh7 58. Rxf5 Rxh6 59. Kxe4 Re6+ 60. Re5 Rf6 61. f5 Rf7 62. Re6 Kc5 63. Ke5 Rf8 64. f6 Rh8 65. f7 1-0

[Event "Thessaloniki op-B 1st"]
[Site "Thessaloniki"]
[Date "2022.08.03"]
[Round "1"]
[White "Vecchione, Anna Pia"]
[Black "Chalkias, Michail Panagiotis"]
[Result "1/2-1/2"]
[WhiteElo "1872"]
[BlackElo "1368"]
[PlyCount "88"]
[EventDate "2022.08.03"]
[EventType "swiss"]
[EventRounds "9"]
[EventCountry "GRE"]
[SourceTitle "EXT 2024"]
[Source "ChessBase"]
[SourceDate "2023.10.10"]
[SourceVersion "1"]
[SourceVersionDate "2023.10.10"]
[SourceQuality "1"]

1. e4 c5 2. Nf3 e6 3. d4 cxd4 4. Nxd4 Nf6 5. Nc3 Nc6 6. Ndb5 d6 7. Bf4 e5 8. Bg5 a6 9. Na3 b5 10. Nd5 Be7 11. Bxf6 Bxf6 12. c3 Bg5 13. g3 h5 14. h4 Bh6 15. Nc2 Ne7 16. Be2 Nxd5 17. Qxd5 Be6 18. Qc6+ Ke7 19. Bxh5 Qb8 20. Nb4 Rc8 21. Nd5+ Kf8 22. Qb6 Bxd5 23. Qxb8 Raxb8 24. exd5 Rc5 25. 0-0 Rxd5 26. Rfd1 Rxd1+ 27. Rxd1 Ke7 28. Be2 Rb6 29. b3 g6 30. Rd5 Rc6 31. c4 b4 32. Kg2 Rc5 33. g4 Rxd5 34. cxd5 a5 35. g5 Bg7 36. Kf3 f5 37. Ke3 e4 38. h5 Kf7 39. f3 gxh5 40. fxe4 Kg6 41. exf5+ Kxg5 42. Ke4 h4 43. Bf3 h3 44. Bh1 Be5 1/2-1/2

[Event "Thessaloniki White Tower op-C 41th"]
[Site "Thessaloniki"]
[Date "2019.01.06"]
[Round "4.7"]
[White "Chalkias, Michail Panagiotis"]
[Black "Kavakopoulou, Ioulia Anastasia"]
[Result "1/2-1/2"]
[WhiteElo "1104"]
[BlackElo "1160"]
[PlyCount "74"]
[EventDate "2019.01.02"]
[EventType "swiss"]
[EventRounds "6"]
[EventCountry "GRE"]
[SourceTitle "EXT 2024"]
[Source "ChessBase"]
[SourceDate "2023.10.10"]
[SourceVersion "1"]
[SourceVersionDate "2023.10.10"]
[SourceQuality "1"]

1. d4 d5 2. Nf3 Bg4 3. e3 Nf6 4. Be2 e6 5. 0-0 c5 6. b3 Nc6 7. h3 Bh5 8. Bb2 Be7 9. dxc5 Bxc5 10. c4 0-0 11. Nc3 dxc4 12. bxc4 Qe7 13. Qb3 Rfd8 14. Rfd1 Na5 15. Qa4 b6 16. Rxd8+ Rxd8 17. Rd1 Rxd1+ 18. Bxd1 a6 19. g4 Bg6 20. Ne5 Be4 21. Nxe4 Nxe4 22. Nc6 Qh4 23. Qc2 Nxf2 24. Qxf2 Qxh3 25. Nd4 Nxc4 26. Bc1 Ne5 27. Qg2 Qxg2+ 28. Kxg2 Nd3 29. Bd2 Nb4 30. Bb3 Kf8 31. Kf3 Ke8 32. Bc3 Kd7 33. Ke2 g6 34. Nf3 Ke7 35. Nd4 Kd6 36. Nf3 Ke7 37. Nd4 Kd6 1/2-1/2